NHL Top 5 James Norris Voting Since 2000 - Statistics

General Stats
  • This quiz has been taken 58 times
  • The average score is 91 of 125
Answer Stats
Year Team Player % Correct
2025: 1 Avalanche Cale Makar
100%
2024: 3 Avalanche Cale Makar
100%
2023: 3 Avalanche Cale Makar
100%
2022: 1 Avalanche Cale Makar
100%
2021: 2 Avalanche Cale Makar
100%
2025: 5 Lightning Victor Hedman
100%
2022: 3 Lightning Victor Hedman
100%
2021: 3 Lightning Victor Hedman
100%
2020: 3 Lightning Victor Hedman
100%
2019: 3 Lightning Victor Hedman
100%
2018: 1 Lightning Victor Hedman
100%
2017: 3 Lightning Victor Hedman
100%
2025: 3 Canucks Quinn Hughes
97%
2024: 1 Canucks Quinn Hughes
97%
2024: 2 Predators Roman Josi
97%
2022: 2 Predators Roman Josi
97%
2020: 1 Predators Roman Josi
97%
2016: 5 Predators Roman Josi
97%
2015: 5 Predators Roman Josi
97%
2025: 2 Blue Jackets Zach Werenski
97%
2024: 4 Rangers Adam Fox
94%
2023: 2 Rangers Adam Fox
94%
2022: 5 Rangers Adam Fox
94%
2021: 1 Rangers Adam Fox
94%
2023: 1 Sharks Erik Karlsson
94%
2017: 2 Senators Erik Karlsson
94%
2016: 2 Senators Erik Karlsson
94%
2015: 1 Senators Erik Karlsson
94%
2012: 1 Senators Erik Karlsson
94%
2018: 3 Predators P.K. Subban
94%
2015: 3 Canadiens P.K. Subban
94%
2017: 4 Blackhawks Duncan Keith
92%
2014: 1 Blackhawks Duncan Keith
92%
2010: 1 Blackhawks Duncan Keith
92%
2019: 2 Sharks Brent Burns
89%
2017: 1 Sharks Brent Burns
89%
2016: 3 Sharks Brent Burns
89%
2022: 4 Bruins Charlie McAvoy
89%
2021: 5 Bruins Charlie McAvoy
89%
2018: 2 Kings Drew Doughty
89%
2016: 1 Kings Drew Doughty
89%
2015: 2 Kings Drew Doughty
89%
2010: 3 Kings Drew Doughty
89%
2020: 2 Capitals John Carlson
89%
2019: 4 Capitals John Carlson
89%
2018: 5 Capitals John Carlson
89%
2016: 4 Penguins Kris Letang
86%
2013: 3 Penguins Kris Letang
86%
2012: 5 Red Wings Nicklas Lidström
86%
2011: 1 Red Wings Nicklas Lidström
86%
2010: 4 Red Wings Nicklas Lidström
86%
2009: 3 Red Wings Nicklas Lidström
86%
2008: 1 Red Wings Nicklas Lidström
86%
2007: 1 Red Wings Nicklas Lidström
86%
2006: 1 Red Wings Nicklas Lidström
86%
2003: 1 Red Wings Nicklas Lidström
86%
2002: 1 Red Wings Nicklas Lidström
86%
2001: 1 Red Wings Nicklas Lidström
86%
2000: 2 Red Wings Nicklas Lidström
86%
2015: 4 Predators Shea Weber
86%
2014: 3 Predators Shea Weber
86%
2012: 2 Predators Shea Weber
86%
2009: 4 Predators Shea Weber
86%
2014: 2 Bruins Zdeno Chára
86%
2013: 5 Bruins Zdeno Chára
86%
2012: 3 Bruins Zdeno Chára
86%
2011: 3 Bruins Zdeno Chára
86%
2009: 1 Bruins Zdeno Chára
86%
2008: 3 Bruins Zdeno Chára
86%
2006: 4 Senators Zdeno Chára
86%
2004: 2 Senators Zdeno Chára
86%
2010: 5 Flyers Chris Pronger
81%
2007: 3 Ducks Chris Pronger
81%
2004: 3 Blues Chris Pronger
81%
2002: 5 Blues Chris Pronger
81%
2000: 1 Blues Chris Pronger
81%
2025: 4 Jets Josh Morrissey
81%
2023: 5 Jets Josh Morrissey
81%
2019: 1 Flames Mark Giordano
78%
2007: 2 Ducks Scott Niedermayer
78%
2006: 2 Ducks Scott Niedermayer
78%
2020: 4 Blues Alex Pietrangelo
69%
2014: 5 Blues Alex Pietrangelo
69%
2012: 4 Blues Alex Pietrangelo
69%
2017: 5 Wild Ryan Suter
69%
2014: 4 Wild Ryan Suter
69%
2013: 2 Wild Ryan Suter
69%
2019: 5 Maple Leafs Morgan Rielly
67%
2020: 5 Hurricanes Jaccob Slavin
64%
2001: 2 Avalanche Ray Bourque
58%
2001: 3 Devils Scott Stevens
58%
2003: 5 Avalanche Rob Blake
56%
2002: 3 Avalanche Rob Blake
56%
2001: 4 Kings/Avalanche Rob Blake
56%
2000: 3 Kings Rob Blake
56%
2001: 5 Rangers Brian Leetch
50%
2002: 2 Red Wings Chris Chelios
47%
2010: 2 Capitals Mike Green
47%
2009: 2 Capitals Mike Green
47%
2003: 2 Blues Al MacInnis
44%
2008: 2 Flames Dion Phaneuf
44%
2018: 4 Blue Jackets Seth Jones
44%
2021: 4 Hurricanes Dougie Hamilton
42%
2009: 5 Sharks Dan Boyle
39%
2007: 4 Lightning Dan Boyle
39%
2023: 4 Bruins Hampus Lindholm
36%
2013: 1 Canadiens P.K. Subban
33%
2008: 4 Penguins Sergei Gonchar
33%
2003: 4 Capitals Sergei Gonchar
33%
2002: 4 Capitals Sergei Gonchar
33%
2000: 5 Capitals Sergei Gonchar
33%
2006: 3 Stars Sergei Zubov
33%
2004: 1 Devils Scott Niedermayer
31%
2011: 2 Predators Shea Weber
31%
2006: 5 Senators Wade Redden
25%
2004: 4 Maple Leafs Bryan McCabe
22%
2003: 3 Stars Derian Hatcher
22%
2000: 4 Flyers Éric Desjardins
19%
2011: 5 Coyotes Keith Yandle
19%
2013: 4 Ducks François Beauchemin
14%
2024: 5 Predators Evan Bouchard
11%
2008: 5 Sabres/Sharks Brian Campbell
8%
2007: 5 Predators Kimmo Timonen
8%
2011: 4 Ducks Ľubomír Višňovský
6%
2004: 5 Islanders Adrian Aucoin
0%
No matching quizzes found
Score Distribution
Percent of People with Each Score
Percentile by Number Answered
Your Score History
You have not taken this quiz